Дело о службе артистки балетной труппы Александры Балдиной

Доступно только в Электронных читальных залах Найти на картеНа карте
RUSMARC
00003702nmc2a22000003x 450
00199c3db33-85c6-40d6-8b7b-fc616b42070f
00520200603155155.0
100##$a20191007l19031905k l0rusy0189 ca
1010#$arus
102##$aRU
2001#$aДело о службе артистки балетной труппы Александры Балдиной
$j1 июня 1903 г. - 1 сентября 1905 г.
251##$cДело
300##$aНа бланке обложки указано: "Дело Санкт-Петербургской конторы императорских театров"
801#0$aRU
$bРГИА
$c20191007
$gRCR
801#1$aRU
$bГлавНИВЦ
$c20191007
$2rusmarc
801#2$aRU
$bПБ им. Б.Н. Ельцина
$c20200603
$gRCR
$2rusmarc
850##$aРГИА
852##$aРГИА
$eФедеральное казенное учреждение "Российский государственный исторический архив" (РГИА)
$j196
937##$hРГИА
$d12331043
$aASBIBLIO_SCAN
462#0$100160bf8934-2607-467a-9d45-57fefa57c60c
$12001
$aЛичные дела служащих Дирекции императорских театров
$1251
$cОпись
$1852
$j5
461#0$10019264ebf8-de62-4f1a-9eb4-9f22098dbbd5
$12001
$aДирекция императорских театров МИДв
$1251
$cФонд
$1852
$j497
215##$a33 л.
$d36,5х26 см
371##$aДокумент не является опубликованным и широко распространяемым
105##$ay###
1222#$ad
035##$a99c3db33-85c6-40d6-8b7b-fc616b42070f
856##$uhttp://readingroom.main.prlib.ru/item.aspx?id_node=n145073669&mode=full
Формат отображения